La sombra de Hidalgo (Record no. 8531)

MARC details
000 -CABECERA
campo de control de longitud fija 00724nam a2200205 a 4500
001 - NÚMERO DE CONTROL
campo de control BRCA_8880
005 - FECHA Y HORA DE LA ÚLTIMA TRANSACCIÓN
campo de control 20190320210439.0
008 - DATOS DE LONGITUD FIJA--INFORMACIÓN GENERAL
campo de control de longitud fija 140617m18941895mx-#######---#000-0#spa-#
041 ## - CÓDIGO DE LENGUA
Código de lengua del texto/banda sonora o título independiente spa
044 ## - CÓDIGO DEL PAÍS DE LA ENTIDAD EDITORA/PRODUCTORA
Código MARC del país mx
084 ## - OTRO NÚMERO DE CLASIFICACIÓN
Número de clasificación CO1
Número de documento/Ítem .S66 1894
245 10 - MENCIÓN DE TÍTULO
Título La sombra de Hidalgo
Resto del título periódico semanario, dedicado exclusivamente a la defensa del espiritismo.
260 ## - PUBLICACIÓN, DISTRIBUCIÓN, ETC.
Lugar de publicación, distribución, etc. México
Fecha de publicación, distribución, etc. 1894-1895
300 ## - DESCRIPCIÓN FÍSICA
Extensión 1v. (varias paginaciones) Num.50 (t.1)
Dimensiones 32 x 22.5 cm
500 ## - NOTA GENERAL
Nota general Estado físico: se presenta 50 números de periódicos semanarios encuadernados
500 ## - NOTA GENERAL
Nota general Periódico inventariaro por el Banco de México como libro
650 14 - PUNTO DE ACCESO ADICIONAL DE MATERIA--TÉRMINO DE MATERIA
Término de materia o nombre geográfico como elemento de entrada Espiritualismo
Subdivisión de forma Publicaciones periódicas
9 (RLIN) 22103
902 ## - CATALOGADOR
Iniciales CFM
942 ## - ELEMENTOS DE PUNTO DE ACCESO ADICIONAL (KOHA)
Fuente del sistema de clasificación o colocación Library of Congress Classification
Tipo de ítem Koha Libros
Holdings
Estado de retiro Estado de pérdida Estado dañado No para préstamo Localización permanente Ubicación/localización actual Fecha de adquisición Total de préstamos Signatura topográfica completa Código de barras Fecha visto por última vez Precio válido a partir de Tipo de ítem Koha
El ejemplar forma parte de la colección y puede ser consultado según las políticas vigentes.       Biblioteca del Museo Franz Mayer (Rogerio Casas-Alatriste) Biblioteca del Museo Franz Mayer (Rogerio Casas-Alatriste) 14/06/2017   CO1 .S66 1894 CFM00203 22/03/2019 22/03/2019 Libros